000 00473nam a2200181Ia 4500
005 20250326141512.0
008 250326s9999 xx 000 0 und d
037 _aTextbook
040 _aFMSL
_beng
_cFMSL
041 _aeng
_2eng
084 _qFMSL
100 _aBaru Sanjaya
245 0 _aPolitical Economy of Indian sugar
_cBaru Sanjaya
260 _aDelhi
_bDelhi, Oxford University Press
_c1990
300 _a239p
942 _cTB
999 _c1290598
_d1290598